NBA Player by Non-Basketball Related Picture - Easy - Statistics

General Stats
  • This quiz has been taken 62 times
  • The average score is 9 of 16
Answer Stats
Picture Answer % Correct
LeBron James
91%
Nikola Jokic
91%
Kobe Bryant
85%
Anthony Davis
84%
Paul George
80%
Anthony Edwards
76%
Stephen Curry
76%
Donovan Mitchell
69%
Karl Malone
67%
Gary Payton
58%
Dennis Rodman
40%
Anfernee Hardaway
33%
Chris Andersen
24%
Ja Morant
22%
Shaquille O'Neal
22%
DeMarcus Cousins
2%
No matching quizzes found
Score Distribution
Percent of People with Each Score
Percentile by Number Answered
Your Score History
You have not taken this quiz